| 000 | 00499nam a2200157Ia 4500 | ||
|---|---|---|---|
| 008 | 231221s9999 xx 000 0 und d | ||
| 020 | _a9790000000000 | ||
| 041 | _aEnglish | ||
| 082 | _a343.052 GAU;1 | ||
| 100 | _aGaur, V P. Narang, D B. Pujaghai...[et al ] | ||
| 245 | 0 | _aIncome tax : Law and practice incorporating income tax act 1961 as amended up to date assessment year 2011-2012 | |
| 250 | _a39th rev ed. | ||
| 260 |
_c2011 _bKalayani _aLudhiana |
||
| 300 | _axxii, 6+96 | ||
| 942 | _cBM | ||
| 999 |
_c213018 _d213018 |
||